NFL Non-QB MVPs - Statistics

General Stats
  • This quiz has been taken 43 times
  • The average score is 17 of 20
Answer Stats
Year Team Position Stats Player % Correct
2012 Minnesota Vikings RB 348 rushes, 2097 yards, 12 TDs40 catches, 217 yards, 1 TD Adrian Peterson
100%
1986 New York Giants LB 105 tackles, 20.5 sacks,5 PD, 2 FF Lawrence Taylor
97%
2000 Los Angeles Rams RB 253 rushes 1359 yards, 18 TDs81 catches, 830 yards, 8 TDs Marshall Faulk
97%
1997 Detroit Lions RB 335 rushes, 2053 yards, 11 TDs33 catches, 305 yards, 3 TDs Barry Sanders
94%
1962 Green Bay Packers FB 272 rushes, 1474 yards, 19 TDs22 catches, 106 yards Jim Taylor
94%
2006 Los Angeles Chargers RB 348 rushes, 1815 yards, 28 TDs56 catches, 508 yards, 3 TDs Ladainian Tomlinson
94%
1977 Chicago Bears RB 339 rushes, 1852 yards, 14 TDs27 catches, 269 yards, 2 TDs Walter Payton
94%
1979 Houston Oilers RB 368 rushes, 1697 yards, 19 TDs16 catches, 94 yards Earl Campbell
91%
1993 Dallas Cowboys RB 283 rushes, 1486 yards, 9 TDs57 catches, 414 yards, 1 TD Emmitt Smith
91%
1965 Cleveland Browns RB 289 rushes, 1544 yards, 17 TDs34 catches, 328 yards, 4 TDs Jim Brown
91%
1958 Cleveland Browns RB 257 rushes, 1527 yards, 17 TDs16 catches, 138 yards, 1 TD Jim Brown
91%
1957 Cleveland Browns RB 202 rushes, 942 yards, 9 TDs16 catches, 55 yards, 1 TD Jim Brown
91%
1972 Washington Commanders RB 285 rushes, 1216 yards, 12 TDs32 catches, 473 yards, 4 TDs Larry Brown
91%
2005 Seattle Seahawks RB 370 rushes, 1880 yards, 27 TDs15 catches, 78 yards, 1 TD Shaun Alexander
91%
1998 Denver Broncos RB 392 rushes, 2008 yards, 21 TDs25 catches, 217 yards, 2 TDs Terrell Davis
91%
1973 Buffalo Bills RB 332 rushes, 2003 yards, 12 TDs6 catches, 70 yards O.J. Simpson
88%
1991 Buffalo Bills RB 288 rushes, 1407 yards, 7 TDs Thurman Thomas
68%
1971 Minnesota Vikings DT 9 sacks, 2 SFTY, 3 FR, (other stats weren't tracked yet) Alan Page
65%
1982 Washington Commanders K 16-19 XP, 20-21 FG, Long 48 Mark Moseley
50%
1961 Green Bay Packers RB/K 127 rushes, 597 yards, 8 TDs15 catches, 145 yards, 2 TDs 41/41 XP, 15/22 FG, Long 51 Paul Hornung
21%
No matching quizzes found
Score Distribution
Percent of People with Each Score
Percentile by Number Answered
Your Score History
You have not taken this quiz